| 000 | 00896nas a2200301 4500 | ||
|---|---|---|---|
| 001 | BR9801282 | ||
| 003 | BR-BrBNA | ||
| 005 | 20231205100950.0 | ||
| 007 | ta | ||
| 008 | 230509b bl.|||p| |||| 00| 00por d | ||
| 040 |
_aBR-BrBNA _bpor _cBiblioteca Nacional de Agricultura |
||
| 041 | _a(Pt) | ||
| 072 | _aP33 | ||
| 100 | 1 | _aMachado, R.L.T. | |
| 100 | 1 | _aTuratti, A.L. | |
| 100 | 1 | _aAlonco, A.S. | |
| 100 | 1 | _aMachado, A.L.T. | |
| 100 | 1 | _aReis, A.V. | |
| 245 | 1 | _aEfeito da escarificacao sobre alguns parametros fisicos de um planossolo | |
| 650 | _aSolo | ||
| 650 | _aEscarificacao | ||
| 650 | _aUmidade do Solo | ||
| 650 | _aPlanossolo | ||
| 650 | _aPropriedade Fisico-Quimica | ||
| 773 | 0 |
_tRevista Brasileira de Ciencia do Solo (Brazil) _xISSN 0100-0683 _g(Jul-Sep 1997), v. 21(3) p. 519-523 _wBR9801282 |
|
| 909 |
_a202311 _bLúcia _c55 _dLúcia Elande |
||
| 942 |
_2AGRIS _n0 _cANA |
||
| 999 |
_c159058 _d159058 |
||